101 cuentos de animales / (Registro nro. 4389)

Detalles MARC
000 -LEADER
fixed length control field 01194nam a2200277Ia 4500
003 - CONTROL NUMBER IDENTIFIER
control field OSt
005 - DATE AND TIME OF LATEST TRANSACTION
control field 20200605140732.0
008 - FIXED-LENGTH DATA ELEMENTS--GENERAL INFORMATION
fixed length control field 191128s9999 xx 000 0 und d
020 ## - INTERNATIONAL STANDARD BOOK NUMBER
International Standard Book Number 9789877513080
040 ## - CATALOGING SOURCE
Original cataloging agency CO-JMCR
Transcribing agency CO-JMCR
041 ## - LANGUAGE CODE
Language code of text/sound track or separate title spa
082 ## - DEWEY DECIMAL CLASSIFICATION NUMBER
Classification number C /
Item number SUAc
100 ## - MAIN ENTRY--PERSONAL NAME
Personal name Suárez, Patricia, autora
9 (RLIN) 5029
245 #0 - TITLE STATEMENT
Title 101 cuentos de animales /
245 #0 - TITLE STATEMENT
Statement of responsibility, etc. Patricia Suárez, Liza Porcelli Piussi, Delia Maunás, Aidé Andreone
250 ## - EDITION STATEMENT
Edition statement Primera edición
260 ## - PUBLICATION, DISTRIBUTION, ETC.
Place of publication, distribution, etc. Buenos Aires
260 ## - PUBLICATION, DISTRIBUTION, ETC.
Name of publisher, distributor, etc. El gato de hojalata
260 ## - PUBLICATION, DISTRIBUTION, ETC.
Date of publication, distribution, etc. 2017
300 ## - PHYSICAL DESCRIPTION
Extent 107 páginas
300 ## - PHYSICAL DESCRIPTION
Other physical details ilustraciones a color, 21 cm.
505 ## - FORMATTED CONTENTS NOTE
Formatted contents note Abrazo de oso -- El galán de la selva -- El chiste de la lechuza -- Eco en la selva -- Cómo despertar un hipopótamo -- Una pelea justa -- Piedra libre -- De la patagonia a África -- El tigre liso -- Baile bajo el mar -- Competencia en el Ártico
520 ## - SUMMARY, ETC.
Summary, etc. Si un cuento se les cruza por delante, ¡no se asusten!, es mejor darle la mano y leerlo con los ojos bien abiertos, para que no se ofenda. Si lo leen en voz alta, crecerá tanto que ya no entrará en las hojas.
650 ## - SUBJECT ADDED ENTRY--TOPICAL TERM
Topical term or geographic name entry element Cuentos infantiles
9 (RLIN) 5032
942 ## - ADDED ENTRY ELEMENTS (KOHA)
Source of classification or shelving scheme Dewey Decimal Classification
Koha item type Books
Existencias
Withdrawn status Lost status Source of classification or shelving scheme Damaged status Not for loan Collection code Home library Current library Date acquired Source of acquisition Cost, normal purchase price Total Checkouts Total Renewals Full call number Barcode Date last seen Date last checked out Copy number Koha item type
    Dewey Decimal Classification     Fiction Biblioteca Pública José María del Castillo y Rada Biblioteca Pública José María del Castillo y Rada 11/28/2019 Donación 0.00 42 25 C / SUAc 201809245 03/31/2026 03/31/2026 Ej.1 Books